000 00639nam a2200229 i 4500
001 62411
003 ES-MaACL
005 20240524094556.0
007 t|
008 031120s1985 sp ||||1| spa d
020 _a84855080902
100 1 _aFernández, Pablo Antonio.
_949415
245 1 0 _aCartas para una canción de amigo /
_cPablo Antonio Fernández.
250 _a1ª ed.
260 _aAlgeciras :
_bBahía,
_c1985.
300 _a60 p. ;
_c21 cm.
490 1 _aBahía ;
_v19
830 0 _aColección "Bahía" ;
_v19
_9181016
852 _aES-MaACL
_j2138-F-14
_bR.110727
942 _2udc
999 _c62411
_d62411